[Event "AUTO-OPEN-2034"]
[Site "http://www.queenalice.com/game.php?id=801053"]
[Date "2010.7.10"]
[Round "1"]
[White "maxab"]
[Black "botoyvas02"]
[Result "1-0"]
[WhiteElo "1596"]
[BlackElo "1387"]

1. e4 e5 2. Nf3 Nf6 3. Nxe5 Nxe4 4. Qe2 f6 5. Qh5+ g6 6. Nxg6 hxg6 7. Qxg6+ Ke7
8. Qxe4+ Kf7 9. Bc4+ Kg7 10. Qg4+ Kh7 11. Bd3+ 1-0

[Event "AUTO-INT-1821"]
[Site "http://www.queenalice.com/game.php?id=834107"]
[Date "2010.9.17"]
[Round "1"]
[White "donnybaby"]
[Black "maxab"]
[Result "0-1"]
[WhiteElo "1786"]
[BlackElo "1766"]

1. e3 e5 2. c3 Nf6 3. g4 h6 4. h4 d5 5. b3 Bxg4 6. Be2 Bf5 7. Nf3 Bd6 8. Ba3 Nc6
9. Bxd6 Qxd6 10. Bb5 Bg4 11. d3 Qe7 12. Nbd2 e4 13. dxe4 dxe4 14. Rg1 exf3 15.
b4 Qe5 16. Bxc6+ bxc6 17. Rc1 O-O-O 18. Qa4 Rxd2 19. Kxd2 Ne4+ 20. Ke1 Nxf2 21.
Kd2 Ne4+ 22. Kd3 Rd8+ 23. Kc2 Qxc3+ 0-1

[Event "AUTO-INT-1821"]
[Site "http://www.queenalice.com/game.php?id=834108"]
[Date "2010.9.17"]
[Round "1"]
[White "maxab"]
[Black "donnybaby"]
[Result "1-0"]
[WhiteElo "1721"]
[BlackElo "1636"]

1. e4 e6 2. d4 c6 3. Nc3 Bb4 4. Bd3 Bxc3+ 5. bxc3 b6 6. Qg4 g6 7. Nf3 h5 8. Qg3
Ba6 9. Bg5 f6 10. Bf4 Bxd3 11. Qxg6+ Kf8 12. Bd6+ Qe7 13. Bxe7+ Nxe7 14. Qxf6+
Kg8 15. Ng5 1-0

[Event "AUTO-INT-1821"]
[Site "http://www.queenalice.com/game.php?id=834121"]
[Date "2010.9.17"]
[Round "1"]
[White "xmas"]
[Black "maxab"]
[Result "0-1"]
[WhiteElo "1707"]
[BlackElo "1644"]

1. e4 e5 2. Nf3 Nc6 3. Nc3 Nf6 4. Bc4 Bc5 5. d3 d6 6. O-O Bg4 7. Na4 O-O 8. Nxc5
dxc5 9. c3 Qd6 10. h3 Be6 11. Bg5 Bxc4 12. Bxf6 Bxd3 13. Bxe5 Nxe5 14. Nxe5 Bxf1
0-1

[Event "AUTO-INT-1821"]
[Site "http://www.queenalice.com/game.php?id=834122"]
[Date "2010.9.17"]
[Round "1"]
[White "maxab"]
[Black "xmas"]
[Result "1-0"]
[WhiteElo "1766"]
[BlackElo "1814"]

1. e4 e5 2. Nf3 Nc6 3. Bb5 a6 4. Ba4 Nf6 5. O-O b5 6. Bb3 Bc5 7. Re1 Ng4 8. Rf1
d6 9. d3 Qf6 10. Bd5 Bd7 11. h3 h5 12. c3 Rb8 13. b4 Ba7 14. a4 Ne7 15. Bb3 c5
16. axb5 cxb4 17. cxb4 Bxb5 18. Nc3 Bb6 19. Bg5 Qg6 20. Bxe7 Bxf2+ 21. Rxf2 Nxf2
22. Kxf2 Kxe7 23. Nxb5 axb5 24. Ra7+ Kd8 25. Bxf7 Qf6 26. Qa1 Rf8 27. Qa5+ 1-0

[Event "AUTO-INT-1821"]
[Site "http://www.queenalice.com/game.php?id=834131"]
[Date "2010.9.17"]
[Round "1"]
[White "maxab"]
[Black "Tauro"]
[Result "0-1"]
[WhiteElo "1788"]
[BlackElo "1898"]

1. e4 e5 2. Nf3 Nc6 3. Bb5 a6 4. Ba4 Bc5 5. O-O b5 6. Bb3 d6 7. a4 Bb7 8. axb5
axb5 9. Rxa8 Qxa8 10. Nc3 Nf6 11. Nxb5 Bb6 12. d3 O-O 13. Bg5 Nd7 14. Nh4 Nc5
15. Bc4 Ne6 16. Be3 Ned4 17. Nxd4 exd4 18. Bf4 Qe8 19. Qh5 Ne5 20. Bxe5 Qxe5 21.
Qxe5 dxe5 22. Nf3 Re8 23. Ng5 Re7 0-1

[Event "AUTO-INT-1821"]
[Site "http://www.queenalice.com/game.php?id=834132"]
[Date "2010.9.17"]
[Round "1"]
[White "Tauro"]
[Black "maxab"]
[Result "1-0"]
[WhiteElo "1885"]
[BlackElo "1816"]

1. e4 e5 2. Bc4 Bc5 3. d3 Nc6 4. Nf3 Nf6 5. O-O d6 6. Nc3 Bg4 7. Be3 Bxe3 8.
fxe3 O-O 9. d4 exd4 10. exd4 Nxe4 11. Nxe4 d5 12. Nf2 Bxf3 13. Qxf3 dxc4 14. c3
Qd7 15. Ne4 b6 16. Rad1 Rae8 17. Nd2 Na5 18. b4 cxb3 19. axb3 f6 20. b4 Nc6 21.
Rde1 Ne7 22. Ra1 c6 23. Rae1 Nd5 24. Nc4 1-0

[Event "AUTO-OPEN-2163"]
[Site "http://www.queenalice.com/game.php?id=857671"]
[Date "2010.11.11"]
[Round "1"]
[White "maxab"]
[Black "sasquatico"]
[Result "1-0"]
[WhiteElo "1796"]
[BlackElo "1745"]

1. e4 e5 2. Nf3 Nc6 3. Bb5 Nge7 4. Nc3 a6 5. Bc4 b5 6. Bb3 Na5 7. Nxe5 Nxb3 8.
axb3 d6 9. Nf3 Bg4 10. h3 Bh5 11. d3 c5 12. g4 Bg6 13. O-O Nc6 14. Nd5 f6 15.
Re1 Ne5 16. d4 Nxf3+ 17. Qxf3 Qa5 18. Rxa5 Be7 19. Nc7+ Kd7 20. Nxa8 Rxa8 21. e5
Rf8 22. Qb7+ Ke6 23. exf6+ Kxf6 24. Qxe7# 1-0

[Event "AUTO-OPEN-2163"]
[Site "http://www.queenalice.com/game.php?id=857672"]
[Date "2010.11.11"]
[Round "1"]
[White "sasquatico"]
[Black "maxab"]
[Result "1-0"]
[WhiteElo "1798"]
[BlackElo "1849"]

1. e4 e5 2. Nf3 Nc6 3. Bb5 Nf6 4. Nc3 Bb4 5. O-O O-O 6. a3 Bxc3 7. bxc3 Nxe4 8.
Bxc6 dxc6 9. Nxe5 Re8 10. d4 f6 11. Nf3 Nxc3 12. Qd3 Ne2+ 13. Kh1 Nxc1 14. Raxc1
Qd5 15. c4 Qh5 16. c5 Be6 17. Rfe1 Bd5 18. Rxe8+ Rxe8 19. h3 Bxf3 20. Qxf3 Qxf3
21. gxf3 Kf7 22. Kg2 Ke6 23. Re1+ Kd7 24. Rb1 b5 25. cxb6 cxb6 26. Rd1 Kd6 27.
Kg3 Re2 28. Rd3 Kd5 29. f4 Kc4 30. Rd1 Ra2 31. Rc1+ Kd5 32. f3 Rxa3 33. Re1 b5
34. Re7 b4 35. Rxg7 1-0

[Event "AUTO-OPEN-2163"]
[Site "http://www.queenalice.com/game.php?id=857675"]
[Date "2010.11.11"]
[Round "1"]
[White "maxab"]
[Black "FERREIRA16"]
[Result "0-1"]
[WhiteElo "1852"]
[BlackElo "2196"]

1. e4 g6 2. Nc3 Bg7 3. g3 d6 4. Nf3 Nd7 5. d4 Ngf6 6. e5 dxe5 7. dxe5 Ng4 8. e6
fxe6 9. Ng5 Nde5 10. Qxd8+ Kxd8 11. Bf4 h6 12. O-O-O+ Ke8 13. Nge4 g5 14. Bd2
Bd7 15. Be2 a6 16. f4 Bc6 17. fxe5 Nxe5 18. Bh5+ Kf8 19. Rhf1+ Kg8 20. Nc5 Bg2
21. Rfe1 Bf3 22. Bxf3 Nxf3 23. Re4 Nxd2 24. Rxd2 Kh7 25. Nxb7 Rab8 26. Nc5 Rhf8
27. Rxe6 Rf1+ 0-1

[Event "AUTO-OPEN-2163"]
[Site "http://www.queenalice.com/game.php?id=857676"]
[Date "2010.11.11"]
[Round "1"]
[White "FERREIRA16"]
[Black "maxab"]
[Result "1-0"]
[WhiteElo "2194"]
[BlackElo "1856"]

1. e4 e5 2. Nf3 Nc6 3. Bb5 Nf6 4. O-O Bc5 5. c3 O-O 6. Re1 d6 7. d4 Bb6 8. Bxc6
bxc6 9. Bg5 h6 10. Bh4 exd4 11. cxd4 Bg4 12. h3 Bxf3 13. gxf3 Qd7 14. Bxf6 Qxh3
15. Bh4 Qxh4 16. Nc3 c5 17. Nd5 cxd4 18. Nxb6 Qg5+ 19. Kh1 axb6 20. Qxd4 Ra5 21.
e5 Re8 22. Re4 Raxe5 23. Rg4 Qf6 24. Kg2 c5 25. Qd2 d5 26. Rg1 d4 27. f4 Re2 28.
Qd3 1-0

[Event "AUTO-OPEN-2034"]
[Site "http://www.queenalice.com/game.php?id=871547"]
[Date "2010.12.13"]
[Round "2"]
[White "luiz_antonio"]
[Black "maxab"]
[Result "1-0"]
[WhiteElo "1940"]
[BlackElo "1812"]

1. e4 e5 2. Bc4 Nf6 3. Nf3 Nxe4 4. Nxe5 d5 5. Bb3 Qg5 6. Ng4 Bxg4 7. f3 Qh4+ 8.
g3 Nxg3 9. d4 Bb4+ 10. c3 Ne4+ 11. Ke2 Qf2+ 12. Kd3 1-0

[Event "AUTO-OPEN-2034"]
[Site "http://www.queenalice.com/game.php?id=871548"]
[Date "2010.12.13"]
[Round "2"]
[White "maxab"]
[Black "luiz_antonio"]
[Result "0-1"]
[WhiteElo "1827"]
[BlackElo "1928"]

1. e4 g6 2. d4 Bg7 3. Nc3 e5 4. dxe5 Bxe5 5. Nd5 c6 6. Nf3 Bg7 7. Nc3 Bxc3+ 8.
bxc3 d6 9. Bf4 d5 10. Qd4 f6 0-1

[Event "AUTO-OPEN-2476"]
[Site "http://www.queenalice.com/game.php?id=984916"]
[Date "2011.9.13"]
[Round "1"]
[White "maxab"]
[Black "jbumgarjr"]
[Result "0-1"]
[WhiteElo "1796"]
[BlackElo "1789"]

1. e4 e5 2. Nf3 Nc6 3. Bb5 d6 4. d4 Bg4 5. dxe5 dxe5 6. Qd5 Ne7 7. Qxe5 f6 8.
Qg3 Qc8 9. Bf4 Bxf3 10. Qxf3 a6 11. Bxc6+ Nxc6 12. Nc3 Bb4 13. O-O-O O-O 14. Nd5
Bc5 15. Nxc7 Ra7 16. Qb3+ Kh8 17. Ne6 Re8 0-1

[Event "AUTO-OPEN-2476"]
[Site "http://www.queenalice.com/game.php?id=984917"]
[Date "2011.9.13"]
[Round "1"]
[White "jbumgarjr"]
[Black "maxab"]
[Result "1-0"]
[WhiteElo "1771"]
[BlackElo "1814"]

1. d4 Nf6 2. Nf3 g6 3. Bf4 Bg7 4. e3 O-O 5. Nc3 d6 6. e4 Nbd7 7. Bd3 c5 8. e5
Nh5 9. Be3 cxd4 10. Bxd4 Nf4 11. O-O Nxe5 12. Nxe5 dxe5 13. Be3 Nxd3 14. cxd3
Bf5 15. Ne4 Qd5 16. Qd2 Rfc8 17. Rfd1 Rc7 18. b3 1-0

[Event "AUTO-OPEN-2476"]
[Site "http://www.queenalice.com/game.php?id=984918"]
[Date "2011.9.13"]
[Round "1"]
[White "maxab"]
[Black "jepoy100"]
[Result "0-1"]
[WhiteElo "1824"]
[BlackElo "1982"]

1. e4 c5 2. Nf3 Nc6 3. c3 d6 4. d4 cxd4 5. cxd4 e6 6. Bb5 Bd7 7. Nc3 Nf6 8. O-O
Be7 9. d5 Ne5 10. Nxe5 dxe5 11. dxe6 fxe6 12. Qb3 O-O 13. Be3 Qc7 14. Rac1 Bxb5
15. Nxb5 Qd7 16. Rfd1 Qe8 17. Nc7 Qf7 18. Nxa8 Rxa8 0-1

[Event "AUTO-OPEN-2476"]
[Site "http://www.queenalice.com/game.php?id=984919"]
[Date "2011.9.13"]
[Round "1"]
[White "jepoy100"]
[Black "maxab"]
[Result "1-0"]
[WhiteElo "1971"]
[BlackElo "1835"]

1. e4 e5 2. Bc4 Nf6 3. Nc3 Nc6 4. Nf3 Bc5 5. O-O O-O 6. d3 d6 7. h3 a6 8. a3 Be6
9. Bg5 Nd4 10. Nd5 Bxd5 11. Bxd5 h6 12. Bxf6 Qxf6 13. Nxd4 Bxd4 14. c3 Ba7 15.
b4 c6 16. Bb3 Rfd8 17. Rc1 a5 18. Qe2 Bb6 19. c4 1-0

[Event "AUTO-OPEN-2476"]
[Site "http://www.queenalice.com/game.php?id=984920"]
[Date "2011.9.13"]
[Round "1"]
[White "maxab"]
[Black "avian"]
[Result "1-0"]
[WhiteElo "1800"]
[BlackElo "1817"]

1. e4 e6 2. d4 d5 3. e5 c5 4. c3 Nc6 5. Nf3 Qb6 6. Be2 cxd4 7. cxd4 Bb4+ 8. Nc3
Nge7 9. a3 Bxc3+ 10. bxc3 Qc7 11. O-O O-O 12. Qd3 Ng6 13. h4 Na5 14. h5 Nf4 15.
Bxf4 b6 16. Ng5 g6 17. Qg3 Bb7 18. hxg6 fxg6 19. Nxe6 Qf7 20. Nxf8 Rxf8 21. Bh6
Rc8 22. e6 Qxe6 23. Bg4 Qe8 24. Qd6 1-0

[Event "AUTO-OPEN-2476"]
[Site "http://www.queenalice.com/game.php?id=984921"]
[Date "2011.9.13"]
[Round "1"]
[White "avian"]
[Black "maxab"]
[Result "0-1"]
[WhiteElo "1817"]
[BlackElo "1818"]

1. d4 Nf6 2. c4 g6 3. Nc3 Bg7 4. Nf3 O-O 5. e4 d6 6. Be3 e5 7. d5 c6 8. Be2 Na6
9. a3 Ng4 10. Bg5 f6 11. Bh4 Qe7 12. O-O Nh6 13. h3 Nf7 14. Rc1 Bd7 15. b4 Bh6
16. Rc2 Nc7 17. c5 Rad8 18. cxd6 Nxd6 19. g4 Bf4 20. Kg2 Be8 21. Na4 Nxe4 22.
Bc4 cxd5 23. Bxd5+ Nxd5 24. Qa1 Bxa4 25. Rcc1 Bxc1 26. Qxc1 Bb5 27. Re1 Nf4+ 28.
Kh2 Nd3 29. Qe3 Nxe1 30. Nxe1 Nd2 31. Qxa7 Qc7 32. Bg3 Nf1+ 33. Kg2 Qc3 34. Qxb7
Bc6+ 0-1